Marketing research.
| Main Author: | |
|---|---|
| Other Authors: | |
| Format: | Book |
| Published: |
[S.l]:
McGraw-Hill,
2006.
|
| Subjects: |
| LEADER | 00461cam a2200157 7i4500 | ||
|---|---|---|---|
| 001 | 0000018449 | ||
| 005 | 20060918090000.0 | ||
| 020 | 0 | 0 | |a 0-07-283792-6 |
| 090 | 0 | 0 | |a CD 658.83 |b COO |
| 100 | 1 | 0 | |a Cooper |
| 245 | 1 | 0 | |a Marketing research. |
| 260 | 0 | 0 | |a [S.l]: |b McGraw-Hill, |c 2006. |
| 300 | # | # | |a Electronic computer optical disc [CD-ROM]. |
| 650 | 0 | 0 | |a Marketing research |
| 700 | 1 | 1 | |a Schindler, |h Pamela Si |
| 999 | |a CDR000508B |b CD-ROM |c AV Collection |e Business Information Centre | ||


